Adjusting Unsustainable Budget Deficits and Crowding Out

Gespeichert in:
Bibliographische Detailangaben
1. Verfasser: Jäger, Albert
Weitere Verfasser: Keuschnigg, Christian
Format: Buch
Sprache:Deutsch
Veröffentlicht: Wien Institut für Höhere Studien 1988
Ausgabe:1. ed.
Schriftenreihe:Forschungsbericht/Research Memorandum Nr.249
Tags: Tag hinzufügen
Keine Tags, Fügen Sie das erste Tag hinzu!

MARC

LEADER 00000nam a2200000 4500
001 c036928
005 20221219110721.0
041 0 |a ger 
044 |a AT 
245 1 0 |a Adjusting Unsustainable Budget Deficits and Crowding Out  |c Albert Jäger, Christian Keuschnigg 
250 |a 1. ed. 
264 1 |a Wien  |b Institut für Höhere Studien  |c 1988 
300 |a 23 s. 
490 1 |a Forschungsbericht/Research Memorandum  |v Nr.249 
830 0 |a Forschungsbericht/Research Memorandum  |v Nr.249 
100 1 |a Jäger, Albert 
700 1 |a Keuschnigg, Christian